Spinoza au XXIe siècle (notice n° 1640723)

détails MARC
000 -LEADER
fixed length control field 02031cam a2200169 4500500
005 - DATE AND TIME OF LATEST TRANSACTION
control field 20260201093508.0
041 ## - LANGUAGE CODE
Language code of text/sound track or separate title fre
042 ## - AUTHENTICATION CODE
Authentication code dc
100 10 - MAIN ENTRY--PERSONAL NAME
Personal name Flahault, François
Relator term author
245 00 - TITLE STATEMENT
Title Spinoza au XXIe siècle
260 ## - PUBLICATION, DISTRIBUTION, ETC.
Date of publication, distribution, etc. 2009.<br/>
500 ## - GENERAL NOTE
General note 21
520 ## - SUMMARY, ETC.
Summary, etc. RésuméSi, rétrospectivement, la période des Trente Glorieuses (1945-1975) apparaît comme tout à fait exceptionnelle dans le cours du développement du capitalisme, au point, qu’à bien des égards, elle fait même figure d’anomalie historique, le rôle que les deux guerres mondiales du XXe siècle et les transformations durables dont elles ont été à l’origine ont joué sur cette phase de croissance demeurent, aujourd’hui encore, fortement sous-estimés par les économistes. La thèse défendue dans cet article est que les deux conflits mondiaux ont joué un rôle tout à fait déterminant dans la transformation du capitalisme et dans la genèse et la mise en place du nouveau cadre institutionnel qui a piloté les régimes de croissance après 1945.
520 ## - SUMMARY, ETC.
Summary, etc. Abstract « Wars, transformation of capitalism and economic growth »In retrospect, the thirty-year boom period after World War II (1945-1975) sounds quite exceptional in the course of the development of capitalism, so that in many respects, it can be looked as a historical abnormality. The two world wars in the 20 th century and the lasting changes that they originated have played a major role in that growth period, but this role has been, until now, highly underestimated by the economists. This paper advocates the thesis that the two world conflicts were an absolutely deciding factor in the transformation of capitalism and in the birth and implementation of the new institutional background which has surrounded the growth regimes after 1945.
786 0# - DATA SOURCE ENTRY
Note L'Homme & la Société | 170-171 | 4 | 2009-05-01 | p. 251-262 | 0018-4306
856 41 - ELECTRONIC LOCATION AND ACCESS
Uniform Resource Identifier <a href="https://shs.cairn.info/revue-l-homme-et-la-societe-2008-4-page-251?lang=fr&redirect-ssocas=7080">https://shs.cairn.info/revue-l-homme-et-la-societe-2008-4-page-251?lang=fr&redirect-ssocas=7080</a>

Pas d'exemplaire disponible.

PLUDOC

PLUDOC est la plateforme unique et centralisée de gestion des bibliothèques physiques et numériques de Guinée administré par le CEDUST. Elle est la plus grande base de données de ressources documentaires pour les Étudiants, Enseignants chercheurs et Chercheurs de Guinée.

Adresse

627 919 101/664 919 101

25 boulevard du commerce
Kaloum, Conakry, Guinée

Réseaux sociaux

Powered by Netsen Group @ 2025